00332nam a2200109Ia 4500008004100000100002700041245002200068260000900090300002700099440002400126650007200150180117s9999 xx 000 0 und d aby Trixie Cruz Angeles aLove and Language c2017 a8-9 pages, 2017 July 2 aPhilippine Panorama aHOW INEXTRICABLY LINKED OUR WORD ARE TO OUR MEMORIES AND IDENTITIES